[Event "Candidates Tournament"]
[Site "Ekaterinburg"]
[Date "2020.03.22"]
[Round "5"]
[White "Alekseenko, Kirill"]
[Black "Vachier Lagrave, Maxime"]
[Result "1/2-1/2"]
[WhiteElo "2698"]
[BlackElo "2767"]
[Annotator "Edouard,R"]
[PlyCount "65"]
[EventDate "2020.03.15"]
[EventType "tourn"]
[EventRounds "14"]
[EventCountry "RUS"]
[EventCategory "21"]
[SourceTitle "CBM 195"]
[Source "ChessBase"]
[SourceDate "2020.04.30"]
[SourceVersion "1"]
[SourceVersionDate "2020.04.30"]
[SourceQuality "1"]

1. e4 c5 2. Nf3 d6 3. d4 cxd4 4. Nxd4 Nf6 5. Nc3 a6 6. f3 e6 7. Be3 b5 8. Qd2
Nbd7 9. a3 $5 {This is the latest fashion, when people used to all play 9.g4.}
h5 $5 (9... Bb7 10. g4 h6 $5 11. O-O-O Rc8 12. h4 {is another debate:} d5 $5 (
12... Ne5 13. Rg1 Nfd7 14. g5 hxg5 15. hxg5 g6 16. f4 Nc4 17. Bxc4 Rxc4 18. f5
Nc5 19. fxe6 fxe6 20. b3 Rxc3 21. Qxc3 Nxe4 22. Qd3 Qd7 23. Ne2 $14 {1/2-1/2 
(37) Perez Ponsa,F (2563)-Pichot,A (2522) ARG 2015}) (12... Nb6 13. Kb1 Nfd7
14. Qe1 Ne5 15. Rh3 Qc7 16. Bc1 Be7 17. g5 Nec4 18. Na2 d5 19. gxh6 gxh6 20.
exd5 (20. Bxc4 $5 Qxc4 21. e5 $14) 20... Nxd5 21. Bxc4 Qxc4 22. f4 Bf6 23. Qf2
{½-½ Leko,P (2703)-Steinberg,N (2532) Minsk 2017}) 13. Rg1 $5 (13. Bh3 $5 b4
$1 (13... e5 $2 14. g5 $16) (13... dxe4 14. g5 hxg5 15. hxg5 Nd5 16. Nxe4 {
should be good for White.}) 14. axb4 Bxb4 15. g5 Ne5 $1 16. gxf6 Bxc3 17. bxc3
Nc4 18. Qe1 Qa5 19. Kb1 Na3+ 20. Kc1 Nc4 {½-½ Peng,H (2347)-Xu,Y (2532)
Qinhuangdao 2019}) 13... dxe4 (13... b4 14. axb4 Bxb4 15. g5 hxg5 16. hxg5 Bxc3
17. bxc3 {and there is no ...Ne5-c4 here.}) 14. g5 hxg5 15. hxg5 Nd5 16. Nxe4
g6 17. Bf2 b4 18. axb4 Bxb4 19. c3 Qa5 20. Nc2 $1 $14 (20. Kb1 $6 Be7 $6 (20...
Nxc3+ $1 21. Nxc3 Bxc3 22. bxc3 Bd5 $44) 21. Bd3 $14 {1-0 (38) Arjun,K (2484)
-Solomon,K (2383) Cattolica 2019})) 10. O-O-O Bb7 {Maxime decides to transpose
into two games he got during his match against Magnus Carlsen, Londres 2019.
Strangely enough, this position had been reached through the move order 6.Bg5
e6 7.f3!? h6 8.Be3 b5 9.a3 Nbd7 10.Qd2 Bb7 11.0-0-0 h5!?.} 11. Kb1 Be7 12. Rg1
$1 {That was Carlsen's improvement in his second game against MVL.} ({The
first one had continued} 12. Qe1 Rc8 13. Rg1 Qc7 14. g3 Ne5 15. Rg2 O-O 16. h3
d5 17. f4 Nc4 18. e5 Nxe3 19. Qxe3 Ne4 {and Black was fine. The rest of the
game was quite elegant, by the way:} 20. Nxe4 dxe4 21. Re2 Bd5 22. Bg2 Qc4 23.
Nb3 Bc5 $1 24. Nxc5 Qa2+ 25. Kc1 Rfd8 $1 26. c4 bxc4 27. Red2 Qa1+ 28. Kc2 Qa2
29. Kc1 Qa1+ 30. Kc2 Qa2 31. Kc1 {½-½ (32) Carlsen,M (2872)-Vachier Lagrave,
M (2780) London 2019.}) 12... Rc8 13. Be2 Nb6 14. Qe1 Nfd7 15. g4 $1 hxg4 16.
Rxg4 {Until now, we are repeating game 9 of the Carlsen-MVL match.} g6 $1 $146
{This was the Frenchman's improvement.} ({Maxime had chosen} 16... Bf8 $2 {
in the previous game, but after} 17. Bg5 $1 $146 Qc7 18. Rh4 $1 {the engine
thinks White gets a serious advantage, taking the h-file to his advantage.}) (
16... Kf8 $5 {was played in a correspondence game, and might deserve
investigation.}) 17. Rxg6 $5 {The logical follow-up. In London, Maxime said
this pseudo rook sacrifice was the reason by he did not play the most natural
16...g6.} Rxc3 $1 {But of course, Maxime is no longer in unexplored teritories
- he knows what he's going!} (17... fxg6 $4 18. Nxe6 $18) (17... e5 $2 18. Qg1
$1 exd4 19. Bxd4 Rf8 20. Rh6 {is very difficult for Black according to the
engine.}) 18. Nxe6 $5 {Again the computer move! Both players are just playing
their home prop, hoping to see the opponent go wrong, for example by
forgotting his home analysis, which regularily happens, even at such high
level.} (18. Qxc3 Na4 $1 {is fine for Black; a fun draw is} 19. Qb3 fxg6 20.
Nxe6 Qc8 21. Ng7+ {and Black cannot go} Kd8 $4 {due to} 22. Qf7 $1 $18) 18...
Qc8 19. Ng7+ Kf8 20. Rh6 {With this manoeuvre White saves both of his hanging
pieces on the kingside. On the other hand, the c3-rook is still in the air!}
Rxh6 21. Bxh6 Rxc2 $1 22. Nf5+ (22. Rxd6 $5 Na4 (22... Bxd6 $4 23. Nf5+ $18)
23. Rd2 Rxd2 24. Qxd2 Qc6 $13) 22... Ke8 23. Nxe7 (23. Ng7+ $4 Kd8 $19) (23.
Be3 $5 {with the idea of Bd4 might be worth a try in a future game:} Bf8 24.
Bd4 Na4 25. Bd3 Rg2 26. Qh4 $44) 23... Kxe7 24. Qh4+ $1 f6 (24... Nf6 {leads
to a draw as well:} 25. Rxd6 $1 Nbd7 26. Rxd7+ Kxd7 27. Qxf6 Rxe2 28. Qxf7+ Kc6
29. Qg6+ Kc5 30. Qg1+ Kc6 31. Qg6+ $11) ({But not} 24... Ke8 $2 25. Rg1 Nf8 26.
Bxf8 Kxf8 27. e5 $3 Rxb2+ (27... Rxe2 28. Qh8+ Ke7 29. Qf6+ Kf8 30. Qxd6+ Ke8
31. Rg8#) (27... dxe5 28. Qh8+ Ke7 29. Qxe5+ Kd7 30. Qf5+ Ke7 31. Qxc2) 28.
Kxb2 Na4+ 29. Kb1 Qf5+ 30. Kc1 Qc8+ 31. Kd1 $18) 25. Bf4 Rxb2+ $1 {Radically
forcing a draw.} 26. Kxb2 Na4+ 27. Kb1 Nc3+ 28. Ka1 Nxd1 29. Qh7+ Kd8 30. Qg8+
Ke7 31. Qh7+ (31. Qxc8 Bxc8 32. Bxd1 Ne5 {with the idea ...Bh3 and ...Bg2
would definitly not be better for White.}) 31... Kd8 32. Qg8+ Ke7 33. Qh7+ {
Honestly, that looked like two identical opening preparations facing each
other!} 1/2-1/2

[Event "YUG-ch"]
[Site "Podgorica"]
[Date "1996.??.??"]
[Round "13"]
[White "Pikula, Dejan"]
[Black "Arsovic, Zoran"]
[Result "1/2-1/2"]
[WhiteElo "2455"]
[BlackElo "2460"]
[Annotator "Engqvist"]
[PlyCount "49"]
[EventDate "1996.02.??"]
[EventType "tourn"]
[EventRounds "15"]
[EventCountry "YUG"]
[EventCategory "9"]
[SourceTitle "CBM 053"]
[Source "ChessBase"]
[SourceDate "1996.08.01"]
[SourceVersion "1"]
[SourceVersionDate "1996.08.01"]
[SourceQuality "1"]

1. e4 c5 2. Nf3 e6 3. d4 cxd4 4. Nxd4 Nc6 {If you want to play the
Scheveningen but not the Keres attack (6.g4) this is a good move order. Of
course you must be prepared to play the Taimanov varia- tion after 5.Nb5.} 5.
Nc3 d6 6. Be3 Nf6 7. f3 {The well known English attack.} Be7 8. Qd2 O-O 9.
O-O-O a6 10. g4 Nd7 11. h4 Nxd4 (11... Nde5 $5) 12. Bxd4 (12. Qxd4 {Magem
Badals,J-Kalesis,N, Berga op 1995 - CBM 49/1018}) 12... b5 13. a3 $6 {It is
not necessary, nor good to weaken the King's position in this sharp position.
Black's goal now is to push the pawn to b4 and open the b-file.} (13. g5) (13.
h5 {Chandler-Govedarica, Beograd 1982}) (13. Qf2 {Mokry-Bischoff, Novi Sad (ol)
1990}) (13. Kb1) 13... Ne5 14. Qf2 {/\ 15.Be5} (14. Be2 Nc6 (14... Qc7 $5 {/\}
15. f4 Nc4 16. Bxc4 Qxc4) 15. Be3 b4 $6 (15... Qa5 {/\ b5-b4}) 16. axb4 Nxb4
17. Bc4 $1 Bb7 18. g5 d5 19. exd5 exd5 20. Bb3 $1 (20. Nxd5 $2 Bxd5 21. Bxd5
Qa5 $40) 20... d4 21. Bxd4 Bxf3 22. Qf2 Bxd1 23. Rxd1 $44 {Gullaksen-Tisdall,
Oslo 1992}) 14... Nc6 (14... Qc7 $5 $13) 15. Bb6 Qd7 16. f4 Rb8 $6 (16... Qb7
$1 $36 {/\ Rb8, b5-b4}) 17. e5 $1 $13 {>< c5} (17. g5 $2 Qb7 18. Be3 b4 $40)
17... d5 18. Bc5 b4 {This is the disadvantage with White's 13.a3. It is very
easy to open the b- file with ...b4 at any moment.} 19. axb4 Nxb4 20. Rh3 Bxc5
21. Qxc5 Qb7 22. b3 Bd7 23. Rd2 Rfc8 {White has defended well, particularly
with his rooks, so it is not possible for black to break through on the Q-wing.
} 24. Qa5 d4 25. Na2 $13 (25. Rxd4 $2 Nc6) 1/2-1/2

[Event "Pan American Intercollegiate-chT"]
[Site "South Padre Island"]
[Date "2009.12.29"]
[Round "4"]
[White "Erenburg, Sergey"]
[Black "Ludwig, Daniel"]
[Result "1-0"]
[WhiteElo "2579"]
[BlackElo "2461"]
[Annotator "Erenburg,S"]
[PlyCount "79"]
[EventDate "2009.12.27"]
[EventType "team-swiss"]
[EventRounds "6"]
[EventCountry "USA"]
[SourceTitle "CBM 134"]
[Source "ChessBase"]
[SourceDate "2010.01.18"]
[SourceVersion "1"]
[SourceVersionDate "2010.01.18"]
[SourceQuality "1"]

1. e4 c5 2. Nf3 d6 3. d4 cxd4 4. Nxd4 Nf6 5. Nc3 a6 6. Be3 e6 7. f3 b5 8. Qd2
Nbd7 9. g4 Nb6 10. a4 Nc4 ({Another theoretical line is} 10... bxa4 11. Nxa4
Nxa4 12. Rxa4 {, after which, White has a superior pawn structure, but
vulnerable king.}) 11. Bxc4 bxc4 {This variation is extremely complicated for
evaluation: each side has his own strong points. On the one hand, White is
definitely better developed and his pieces will occupy very active positions
after the queenside knight has been transferred to b6. On the other hand,
Black has a pair of bishops and his king seems to be safer than its
counterpart.} 12. a5 {Preparing to transfer the knight to b6.} Bb7 13. Na4 Rc8
({The most principled is probably} 13... d5 14. g5 ({Another logical
possibility is to sacrifice the g4 pawn with} 14. e5 Nd7 15. f4 {[%csl Rb7,Gd4]
} Qh4+ 16. Bf2 Qxg4 17. Rg1 Qh5 18. h4 (18. Rg5 $5 Qxh2 19. O-O-O $13) 18...
Be7 19. Rxg7 $2 (19. Nb6 $5) 19... Nxe5 $1 (19... Bxh4 $2 20. Bxh4 Qxh4+ 21.
Qf2 $14) 20. Nb6 Rd8 $17 {0-1 Zhigalko,A (2554)-Gubajdullin,A (2475)/St
Petersburg 2007/CBM 121 Extra (36)}) 14... Nd7 15. O-O-O dxe4 (15... Rc8 $6 16.
exd5 Bxd5 17. Qc3 $32 {1-0 Akopian,V (2700)-Grigoriants,S (2565)/Budva 2009/
CBM 130 (34)}) 16. Qc3 (16. f4 Bd5 17. Qc3 Qc7 18. Ne2 {[%cal Ya4b6]} (18. Nf5
Rg8 19. Nb6 Nxb6 20. axb6 Qc6 21. Ng3 a5 $17) 18... Qc6 19. Nb6 Nxb6 20. Bxb6 (
20. axb6 $5) 20... Rg8 (20... Qa4 21. Kb1) 21. f5 $13 {1-0 Balogh,C (2609)
-Grigorov,G (2488)/Metz 2009/CBM 129 Extra (40)}) 16... Qe7 $1 {[%cal Ye7b4]}
17. fxe4 Qb4 18. Qxb4 Bxb4 19. Bd2 Bc5 (19... Bd6 $5) 20. Bc3 Be7 ({The e4
pawn is rather a shelter for Black's monarch.} 20... Bxe4 $2 21. Rhe1 $16 Bg6
22. Nxe6 $1 fxe6 23. Bxg7 Rg8 24. Rxe6+ Kf7 25. Rxd7+ Kxe6 26. Nxc5+ Kf5 27.
Bf6 $14) 21. h4 Bxe4 22. Rhe1 Bb7 23. Kb1 $2 (23. Nxe6 $1 fxe6 24. Rxe6 Nf8 (
24... Kf7 25. Re2 Bc6 26. Rf1+ $16) 25. Re3 Ng6 26. Bxg7 $14) 23... Rd8 $15 {
1/2-1/2 Shomoev,A (2580)-Stella,A (2301)/Biel 2009/CBM 131 Extra (32)}) 14. Nb6
$146 {Surprisingly enough, nobody has ever played this logical move. White has
previously preferred to put the queen on c3, apparently, preventing the c4-c3
strike and putting some pressure on Black's kingside.} ({Another possibility is
} 14. Qc3 {[%cal Yc3g7]} Bxe4 15. fxe4 Nxe4 16. Qb4 Qh4+ 17. Kd1 Qxg4+ 18. Kc1
e5 19. Nb6 exd4 20. Rg1 Qe6 21. Nxc8 dxe3 22. Qb8 f5 $6 (22... d5 $5) 23. Nxd6+
Ke7 24. Qc7+ Kf6 25. Qd8+ Ke5 26. Nxe4 Kxe4 27. Ra4 $18 {1-0 Kasimdzhanov,R 
(2670)-Anand,V (2785)/Leon 2005/CBM 108 (63)}) 14... Rc7 ({Worth considering is
} 14... c3 15. bxc3 Rc7 16. O-O Be7 {[%cal Ye8g8] and position is not so clear,
since White's monarch is very vulnerable. In fact, it is very difficult to
play such kind of position for a typical human player.}) 15. g5 ({I didn't play
} 15. Ne2 {, mostly because I was worried about} Bxe4 $2 ({Of course, Black
can play the normal} 15... Be7 {, which would probably lead to the game.}) 16.
fxe4 Nxe4 {However, White is clearly better after both 17.Qd1 and 17.Qd4:} 17.
Qd4 (17. Qd1 {is even simpler if one finds such an unhuman move.} Qh4+ 18. Ng3
d5 19. Qf3 $16) 17... d5 (17... Qh4+ 18. Ng3 Nxg3 19. Bf2 h5 20. Bxg3 Qxg4 21.
Qxg4 hxg4 22. O-O $16) 18. Ng3 Qh4 {and now White can castle!} 19. O-O-O Bc5
20. Qe5 Bxe3+ 21. Kb1 $18) 15... Nd7 (15... c3 {is possible again.}) 16. Ne2 {
Preventing c4-c3, thus preparing to castle long.} Be7 17. O-O-O {[%csl Ga5,Gb6,
Ge3] In this type of position, White's king usually feels safe on the
queenside, since the barrier constructed on the queenside is not easy to
remove for Black.} O-O (17... Nxb6 {is refuted by} 18. Bxb6 Bxg5 19. f4 Be7 20.
Rhg1 O-O 21. e5 d5 22. f5 exf5 23. Qh6 g6 24. Nf4 $18) (17... Ne5 18. Rhf1 O-O
19. f4 Nc6 (19... Nd7 20. Nc3 f5 21. gxf6 Nxf6 22. Rg1 $36) 20. Nxc4 d5 21.
exd5 exd5 22. Bb6 dxc4 23. Qxd8 Bxd8 24. Rxd8 Nxd8 25. Bxc7 $16) 18. Rhg1 {
Protecting the g5-pawn and moving the rook from the unpleasant opposition with
Black's light-squared bishop.} Qe8 {Adding an option of the capture on b6 and
preparing to transfer the queen to the queenside.} (18... Ne5 19. Rg3 f5 20.
gxf6 Bxf6 21. f4 Nd3+ 22. cxd3 cxd3+ 23. Nc3 Bxe4 $44) 19. Nc3 {Covering the
a4-square and preparing the advance of the f-pawn.} Nxb6 20. axb6 $1 {This is
probably better than the capture with the bishop, since it is more difficult
for Black to get rid of the pawn than to eliminate the bishop. In addition, it
can become advanced in the future.} (20. Bxb6 $6 Rc6 {[%cal Ye7d8]}) 20... Rd7
({The idea behind the capture on b6 with the pawn is illustrated by the
following variation:} 20... Rc6 21. f4 Bd8 22. Qf2 {keeping the barrier in
place.} (22. f5 $40 {is fine too.})) 21. f4 ({Perhaps I should have attacked
the c4-pawn and then started the attack on the kingside:} 21. Qe2 $5) 21... f5
{Black had to activate his rook.} ({Black is strategically lost after} 21... d5
22. exd5 exd5 23. f5 $40 {[%cal Yf5f6]}) 22. gxf6 Bxf6 23. e5 Be7 24. exd6 $6 (
24. Bc5 {comes into consideration. For example,} d5 25. Bxe7 Qxe7 26. Ne4 {
leads to an obvious advantage for White.}) 24... Bxd6 $1 {To be honest, I
missed this move, which is stronger than} (24... Rxd6 25. Bd4 g6 (25... Bf6 $2
26. Bxf6 $1 Rxd2 27. Rxg7+ Kh8 28. Be5 Rxd1+ 29. Nxd1 $18) 26. Qe2 $16) 25. Qe2
({I didn't like} 25. Kb1 {because of} Bf3 $1 {However, White is still better
here after the less than obvious} 26. Qd4 $1 (26. Rdf1 Bxf4 27. Qf2 Be5 $13)
26... Bxd1 27. Rxd1) (25. Qf2 $5) 25... Bd5 $2 ({Black had to take the pawn to
have chance to survive. For instance:} 25... Bxf4 26. Bxf4 Rxf4 27. Rxd7 Qxd7
28. Rd1 Qe7 29. Qe5 {with more than enough compensation for a sacrificed pawn.}
) (25... Qc8 26. Rd4 $16) 26. Kb1 $1 {A very strong prophylactic move, which
protects the f4-pawn. From now on, I was no longer worried about the result of
the game.} ({Of course not} 26. Nxd5 $2 exd5 {which would create a strong
centre for Black and activate his pieces.}) 26... Rf5 {Trying to hold the d5
outpost.} 27. Bd4 $1 $18 {Now it is clear that White dominates the board. My
king is much safer and other pieces have occupied superior positions.} g6 (
27... Bxf4 {is now met by} 28. Bxg7) 28. Nxd5 {Simple and strong. Black is
lost due to vulnerable position of his king.} Rxd5 29. Bc3 Bc5 {Loses on the
spot.} (29... Bxf4 {doesn't help much:} 30. Rxd5 Rxd5 31. Qxc4 $18) 30. Rxd5
Rxd5 {[%tqu "En","Please find the winning continuation for White.","","",
"b6b7","Winning the game quite effectively. The rest needs no comment.",10]}
31. b7 $1 {Winning the game quite effectively. The rest needs no comment.} Kf7
(31... Bxg1 {loses because of} 32. b8=Q Qxb8 (32... Rd1+ 33. Qxd1 Qxb8 34. Qxg1
$18) 33. Qxe6+ Kf8 34. Qf6+ $1 Ke8 35. Qh8+ $18) 32. Re1 Bd6 33. Qxc4 Qd7 34.
Qc8 Bxf4 35. Qxd7+ Rxd7 36. Rf1 Rxb7 37. Rxf4+ Ke7 38. Bb4+ Ke8 39. Rf8+ Kd7
40. Rf7+ 1-0

[Event "Budapest FS09 GM"]
[Site "Budapest"]
[Date "2004.09.10"]
[Round "7"]
[White "Erenburg, Sergey"]
[Black "Sammalvuo, Tapani"]
[Result "1-0"]
[WhiteElo "2533"]
[BlackElo "2445"]
[Annotator "Erenburg,S"]
[PlyCount "49"]
[EventDate "2004.09.04"]
[EventType "tourn"]
[EventRounds "13"]
[EventCountry "HUN"]
[EventCategory "8"]
[SourceTitle "CBM 102 Extra"]
[Source "ChessBase"]
[SourceDate "2004.11.03"]
[SourceVersion "1"]
[SourceVersionDate "2004.11.03"]
[SourceQuality "1"]

1. e4 c5 2. Nf3 d6 3. d4 cxd4 4. Nxd4 Nf6 5. Nc3 a6 6. f3 e6 7. Be3 b5 8. g4 {
This continuation prevents from black to realize the following maneouvre:
Nb8-d7-b6} h6 (8... Nbd7 {is met by} 9. g5) (8... Nfd7 {is another theoretical
possibility.}) 9. Qd2 Nbd7 10. O-O-O Bb7 11. h4 {White's idea is to play Bh3
and afterware to carry out g4-g5.} b4 {Black reacts with the strike in the
centre.} 12. Na4 ({Worse is} 12. Nce2 d5 13. Bh3 dxe4 14. g5 hxg5 15. hxg5 exf3
{This is the difference between 12.Na4 and 12.Nce2- now white's knight is
attaked.} 16. Nf4 Ne4 17. Qe1 f2 $19) 12... d5 {Black tried also} (12... Qa5
13. b3 Be7 $5 {1/2-1/2 Kasparov,G-Van Wely,L/Internet 2000/CBM 76/[Van Wely/
Cifuentes] (38)}) 13. Bh3 dxe4 (13... Qa5 {1-0 Tiviakov,S-Rashkovsky,N/Linares
1999/CBM 68 ext/[Tiviakov] (30)}) 14. g5 hxg5 {Black needs to open the "h"
file, that he will have an option of eliminating white's light-squared bishop.}
15. hxg5 exf3 16. Nxe6 $1 $146 {[%mdl 712] Very interesting attempt to get an
advantage. In previous games white tried the following options, but without
succeess:} (16. gxf6 Nxf6 17. Qd3 (17. Qe1 Qa5 18. Nb6 Rd8 19. Nb3 Rxd1+ 20.
Qxd1 Qe5 21. Qd2 Be7 22. Bf4 Qe2 23. Rh2 Qxd2+ 24. Nxd2 g5 $17 {0-1 Nakamura,
H-Najer,E/New York 2002/EXT 2003 (47)}) (17. Bg2 Rxh1 18. Bxh1 Qa5 19. b3 Rd8
20. Qe1 Qh5 21. Qf1 Ng4 22. Bf4 Bd6 $1 $17 {1/2-1/2 Vorobiov,E-Gajsin,E/St
Petersburg 2002/CBM 86 ext (51)}) 17... Be4 18. Qb3 Bd5 19. Qd3 Be4 20. Qf1 $6
Qa5 21. b3 Rc8 22. Qf2 g6 $2 (22... Rh5 $1 $17) 23. Bxe6 Rxh1 24. Bxc8 Rxd1+
25. Kxd1 $16 {0-1 Svidler,P-Najer,E/ACP Blitz Final, playchess.com INT (4.3
2004 (41)}) (16. g6 Rxh3 17. Rxh3 Qa5 18. b3 Ne5 19. gxf7+ Kxf7 20. Bg5 Ne4 21.
Qf4+ Kg8 22. Nxe6 Ng6 23. Rh8+ Nxh8 24. Rd7 Nf6 25. Bxf6 Ng6 26. Qc4 Qb5 27.
Nxf8+ Qxc4 28. bxc4 f2 29. Rxg7+ Kxf8 30. Kb2 f1=Q 31. Rxg6 {0-1 Sammalvuo,
T-Bromberger,S/FSGM September, Budapest HUN 2004 (31)}) 16... fxe6 17. Bf5 $1 {
[%mdl 704] That is the point of the novelty! The rook is going to invade into
black's camp, while, black monarch is still in the centre...} exf5 (17... Rxh1
18. Bg6+ Ke7 19. Qd6#) 18. Rxh8 Nd5 $2 {After this move white's attack becomes
unparried. Black had the following alternatives:} ({Probably,} 18... Ne4 $1 {
was the best reply.} 19. Qxb4 Qc7 $1 (19... Bc6 20. Nb6 Qe7 (20... Rb8 21. Rxd7
$18) 21. Qxe7+ Kxe7 22. Nxa8 Bxa8 23. Rxd7+ Kxd7 24. Rxf8 $18) 20. Nb6 $1 Ndc5
21. Bxc5 $1 Nxc5 (21... Qxc5 22. Qb3 $18) 22. Re1+ Be4 23. Nxa8 Nd3+ 24. Kb1
Qxc2+ 25. Kxc2 Nxb4+ $13) ({In October this year black tried} 18... Ng4 19. Nc5
Nxc5 20. Qxd8+ Rxd8 21. Rxd8+ Kxd8 22. Rxf8+ Kd7 23. Bxc5 Ke6 24. Kd2 Ke5 25.
Ke1 Kf4 26. Rf7 Be4 27. Rxg7 Kg3 28. g6 f4 29. Rg8 f2+ 30. Bxf2+ Nxf2 31. g7
Ng4 32. Re8 Bd5 33. g8=Q Bxg8 34. Rxg8 f3 35. Rf8 Ne3 36. c3 bxc3 37. bxc3 Nd5
38. c4 Nb4 39. c5 Nd3+ 40. Kd2 Nxc5 41. Ke3 {1-0 Zhang Pengxiang-L'Ami,E/
Hoogeveen NED 2004/The Week in Chess 520 (41)}) 19. Nc5 $1 {[%mdl 128]
attacking black's pieces.} Bc6 (19... Nxe3 20. Nxd7 $18) (19... Nxc5 20. Bxc5
$18) 20. Bd4 $1 $40 {[%mdl 128] opening the "e" file for the heavy pieces, and,
at the same time, threatening with the capture on g7 and Ne6.} Qa5 {loses
immediately... But, other continuations don't change anything:} (20... Ke7 21.
Re1+ Kd6 22. Ne6 Qa5 23. Qh2+ f4 24. Nxf4 $18) (20... Kf7 21. g6+ Ke7 (21...
Kxg6 22. Ne6 Qa5 23. Qg5+ Kf7 24. Re1 $18) 22. Re1+ Kd6 23. Ne6 $1 $18 {
[%cal Yd2h2]}) 21. Qe1+ $1 {[%mdl 128]} Kd8 22. Qe6 $18 {attacking the bishop,
and intending to take on d7.} Kc7 23. Nxd7 {It is the right moment to win
material... a lot of material!} Bd6 (23... Bxd7 24. Be5+ $18) (23... Qxa2 24.
Rxf8 $18) {[%tqu "En","How can white win the game immediately?","","","d4b6",
"",10]} 24. Bb6+ $1 {Simple tactics, which brings white immediate victory.}
Qxb6 (24... Nxb6 25. Qxd6+ Kb7 26. Rb8+ {mating.}) 25. Nxb6 {This game was
chosen as the best one of the week on the site: www.dachess.ru (with Garry
Kasparov amongst the jury).} 1-0